000 00776cam a2200253 a 4500
001 1844451
003 OSt
005 20170822175041.0
008 811121m19819999nyu 001 0 eng
010 _a 81066579
040 _aDLC
_cBSU
_dDLC
_bEnglish
043 _an-us---
050 0 0 _aKF8915
_b.B35
082 0 0 _a347.052 BAL
_a347.052 BAL
_219
100 1 _aBaldwin, Scott.
_918185
245 1 0 _aArt of advocacy.
_pDirect examination /
_cScott Baldwin.
260 _aNew York, N.Y. (235 E. 45th St., New York 10017) :
_bM. Bender,
_c1989
300 _axv,48-1p.
_c26 cm.
500 _aIncludes index.
650 0 _aExamination of witnesses
_zUnited States.
_918186
906 _a7
_bcbc
_corignew
_d2
_eopcn
_f19
_gy-gencatlg
942 _2ddc
_cBK
999 _c8580
_d8580